000 00580nam a2200205 a 4500
005 20221005063542.0
008 010719s1987 es r 000 0 spa d
020 _a8485729552
035 _aUPN01000109854
049 _aCG
050 4 _aLB3545 E5
_bC6.3
100 1 _aColomer, Jaume
245 1 0 _aFiesta y escuela :
_brecursos para las fiestas populares /
_cJ. Colomer.
260 _aBarcelona, Esp. :
_bGraó,
_c1987.
300 _a86 p. :
_bil.
440 3 _aEl lápiz
650 2 _aRecursos educativos
_99810
650 4 _aDIAS FESTIVOS -
_zESPAÑA
_922342
905 _aLibro
999 _c83764
_d83764